Statistiken für Ewige Tabelle der DEL

Klicken Sie hier um das Quiz zu spielen!

Allgemein

  • Dieses Quiz wurde 49 mal gespielt
  • Das Durchschnittsergebnis liegt bei 16 aus 33

Antwortstatistiken

Antwort% Korrekt
Eisbären Berlin
96%
EHC Red Bull München
91%
Adler Mannheim
83%
Kölner Haie
81%
Maddogs München
72%
Fischtown Pinguins Bremerhaven
70%
Löwen Frankfurt
68%
ERC Ingolstadt
66%
Nürnberg Ice Tigers
66%
Düsseldorfer EG
62%
Grizzlys Wolfsburg
62%
Iserlohn Roosters
60%
Krefeld Pinguine
55%
Schwenninger Wild Wings
53%
Augsburger Panther
51%
Hamburg Freezers
51%
Kassel Huskies
51%
ESV Kaufbeuren / Kaufbeurer Adler
49%
Hannover Scorpions
47%
Straubing Tigers
45%
Bietigheim Steelers
43%
Starbulls Rosenheim
38%
Hannover Indians
28%
Ratinger Löwen
28%
BSC Preussen / Preussen Devils / Berlin Capitals
26%
Füchse Duisburg
26%
EHC Wölfe Freiburg
23%
ESC Moskitos Essen
21%
SC Riessersee
21%
München Barons
19%
ESG Füchse Weißwasser
17%
Revierlöwen Oberhausen
13%
EV Landshut Cannibals
9%

Verteilung der Resultate

Perzentil nach korrekt beantworteten Fragen

Anzahl Personen mit jedem Resultat

Ihre Resultats-Entwicklung

Sie haben dieses Quiz noch nicht gespielt